Hasta Mapocho no más!

Salvato in:
Dettagli Bibliografici
Autore principale: Cid, Teófilo (Autore)
Natura: Libro
Lingua:spagnolo
Pubblicazione: Santiago Nascimento 1976
Soggetti:
Tags: Aggiungi Tag
Nessun Tag, puoi essere il primo ad aggiungerne!!

MARC

LEADER 00000nam a2200000 a 4500
001 UCW8621
003 CL-VaPUC
008 881010e19760000CL |||||||||||||||||spa|d
082 0 4 |a Ch864  |b CID  |2 21 
100 0 |a Cid, Teófilo  |e author  |9 313860 
245 1 0 |a Hasta Mapocho no más! 
300 |a 423 p 
942 |c BK 
945 |d 19881010 00:00:00 
260 |a Santiago  |b Nascimento  |c 1976 
650 0 |a Prosa chilena   |9 267787 
650 0 |a Ensayos chilenos   |9 269132 
583 |a last modification  |c 19881010 00:00:00  |k Rodrigo Vera 
999 |c 220949  |d 220947 
952 |0 0  |1 0  |4 0  |6 CH_864_000000000000000_CID_1976  |7 0  |8 A  |9 213790  |a BIBEDU  |b BIBEDU  |d 2019-11-15  |i 2820862  |o Ch864 CID 1976  |p 2820862  |r 2019-11-15  |w 2019-11-15  |y BK  |k LIT 
952 |0 0  |1 0  |4 0  |6 CH_864_000000000000000_CID_1976  |7 0  |8 A  |9 213791  |a BIBEDU  |b BIBEDU  |d 2019-11-15  |i 2820870  |o Ch864 CID 1976  |p 2820870  |r 2019-11-15  |w 2019-11-15  |y BK  |k LIT